LIBRARY & INFORMATION CENTRE, KCAET, TAVANUR

ONLINE PUBLIC ACCESS CATALOGUE (OPAC)

Code of practice for concrete structures for the storage of liquids ,Part-3 pre-stressed concrete structures,IS:3370-1967 / (Record no. 4395)

MARC details
000 -LEADER
fixed length control field 00988cam a2200145ua 4500
041 ## - LANGUAGE CODE
Language code of text/sound track or separate title eng
082 ## - DEWEY DECIMAL CLASSIFICATION NUMBER
Classification number 666.984
Item number IND/CO
245 ## - TITLE STATEMENT
Title Code of practice for concrete structures for the storage of liquids ,Part-3 pre-stressed concrete structures,IS:3370-1967 /
260 ## - PUBLICATION, DISTRIBUTION, ETC. (IMPRINT)
Place of publication New Delhi :
Name of publisher Indian Standards Institution ,
Year of publication 1989.
300 ## - PHYSICAL DESCRIPTION
Number of Pages 12 ; .
942 ## - ADDED ENTRY ELEMENTS (KOHA)
Koha item type Books
Holdings
Withdrawn status Lost status Damaged status Home library Current library Date acquired Full call number Accession Number Koha item type
      KAUAET   07/04/2012 666.984 17329 Books
free website counter